000 00308nam a22001337a 4500
020 _a978-81-291-4207-8
082 _a823
_bBON/W
100 _aBOND, RUSKIN
245 _aTHE WHITE TIGER AND OTHER STORIES
260 _aDELHI
_bRUPA PUBLICATIONS
_c2016
300 _a139
650 _aNOVEL
_zINDIA
942 _cBK
999 _c2621
_d2621